000
00290nam a22001337a 4500
008
170214b xxu||||| |||| 00| 0 eng d
020
_a
9781437705706
041
_a
eng
080
_2
9ED
_a
61
100
_a
4
101
_a
SHM
245
_a
THE LANGUAGE MEDICINE
_c
CHABNER
942
_2
udc
_c
BK
999
_c
5477
_d
5477